| 000 | 00697nam a22002172 4500 | ||
|---|---|---|---|
| 001 | 0000019445 | ||
| 005 | 20151217155225.0 | ||
| 008 | 101116s xx 000 0 eng d | ||
| 040 |
_aKABU _cKABU |
||
| 100 | 1 |
_aChalmers, Mackenzie Dalzell E. S. _@0000179156 |
|
| 245 | 1 | 4 |
_aThe Sale of Goods Act, 1893 : _bincluding the Factors Act, 1889 & 1890 / _cM. D. Chalmers. |
| 250 | _a1st ed. | ||
| 260 |
_aLondon : _bWilliam Glower, _c1894. |
||
| 300 | _axxxv, 220 p. | ||
| 650 | 0 |
_aSales. _@0000179157 |
|
| 650 | 0 |
_aAgency (Law) _@0000179158 |
|
| 650 | 0 |
_aFactoring (Finance) _@0000179159 |
|
| 852 | 1 | _9p2320.50 KES | |
| 908 | _a101116 | ||
| 950 | _@1 | ||
| 999 |
_c12095 _d12095 |
||